Normal view
MARC view
- Faiz Ahmad.
Entry Personal Name
001 - CONTROL NUMBER
- control field: 20190
003 - CONTROL NUMBER IDENTIFIER
- control field: NUST
005 - DATE AND TIME OF LATEST TRANSACTION
- control field: 20190911085402.0
008 - FIXED-LENGTH DATA ELEMENTS
- fixed length control field: 190911|| aca||aabn | a|a d
040 ## - CATALOGING SOURCE
- Original cataloging agency: NUST
- Transcribing agency: NUST
100 ## - HEADING--PERSONAL NAME
- Personal name: Faiz Ahmad.
670 ## - SOURCE DATA FOUND
- Source citation: Work cat.: (NUST): Fatima, Humera. 20189, decomposition of Elasticity Tensor /, 2016.
